Sociedades y asociaciones civiles 2019 (Registro nro. 167112)
[ vista simple ]
| 000 -LEADER | |
|---|---|
| fixed length control field | 01117nam a22002537a 4500 |
| 007 - PHYSICAL DESCRIPTION FIXED FIELD--GENERAL INFORMATION | |
| fixed length control field | cr|||| |||| |
| 008 - FIXED-LENGTH DATA ELEMENTS--GENERAL INFORMATION | |
| fixed length control field | 190613s2019 mx |||||s|||| 00||0 spa d |
| 020 ## - INTERNATIONAL STANDARD BOOK NUMBER | |
| International Standard Book Number | 978-607-541-108-8 |
| 035 ## - | |
| -- | 23111 |
| 040 ## - CATALOGING SOURCE | |
| Original cataloging agency | vLex |
| 090 ## - | |
| -- | 8875 |
| -- | 8875 |
| 100 1# - MAIN ENTRY--PERSONAL NAME | |
| Personal name | Domínguez Orozco, Jaime |
| 245 10 - TITLE STATEMENT | |
| Title | Sociedades y asociaciones civiles 2019 |
| Medium | [Recurso electrónico] / |
| Statement of responsibility, etc | Jaime Domínguez Orozco, Cuauhtémoc Reséndiz Núnez |
| 256 ## - | |
| -- | Servicio en línea |
| 260 ## - PUBLICATION, DISTRIBUTION, ETC. (IMPRINT) | |
| Place of publication, distribution, etc | Ciudad de México: |
| Name of publisher, distributor, etc | Ediciones Fiscales ISEF, |
| Date of publication, distribution, etc | 2019 |
| 300 ## - PHYSICAL DESCRIPTION | |
| Extent | 1 recurso electrónico |
| 506 1# - RESTRICTIONS ON ACCESS NOTE | |
| Terms governing access | Disponible solo en los productos indicados |
| Authorized users | vLex Global |
| -- | vLex Global (Academic Edition, excluding Law Schools) |
| -- | vLex Global (U.S. Academic Edition, Law Schools) |
| -- | vLex Global (U.S. Academic Edition, excluding Law Schools) |
| -- | vLex Global (Academic Edition, Law Schools) |
| 650 04 - SUBJECT ADDED ENTRY--TOPICAL TERM | |
| Topical term or geographic name as entry element | Derecho Fiscal |
| Geographic subdivision | México |
| 700 1# - ADDED ENTRY--PERSONAL NAME | |
| Personal name | Reséndiz Núnez, Cuauhtémoc |
| 740 0# - | |
| -- | vLex Libros (Servicio en línea) |
| 856 40 - LOCALIZACIÓN Y ACCESO ELECTRÓNICO | |
| Identificador Uniforme del Recurso (URI/URL) | https://app.vlex.com/#/sources/sociedades-y-asociaciones-civiles-2019-23111 |
| 942 ## - | |
| -- | RAA |
| 999 ## - | |
| -- | 167112 |
| -- | 167112 |
No hay ítems disponibles.